fortnite jest super duper quiz ogulny - Statystyki

Ogólne statystyki
  • Ten quiz został rozwiązany 636 razy
  • Średni wynik to 3 z 8
Statystyki odpowiedzi
Zagadnienie Odpowiedź % Poprawnych
jaka bron wypada z fundamęta po zabiciugo? super duper mega mityczny naspamiacz
66%
kto przyszedł pierwszy na wyspę przybysz
52%
jak nazwa się współpraca rocket legue z fortnite lama-rama
41%
kto stworzył lokalizacje władze julka
39%
jaka osobistość w sezonie 8 rozdziału 2 chciała nas unicestwić? królowa sześcianów
39%
co to są migawki klony agentów U.R. którzy wskoczyli do punktu zeroweg
27%
czy elprimo można spotkać w posągu fundamęta nie i tam się nie da narazie wejść
16%
ile razy epick zorganizował festiwal zimy? 2
7%
Nie znaleziono quizów pasujących do podanych kryteriów
Rozkład punktacji
Procent ludzi z każdym wynikiem
Percentyl według liczby udzielonych odpowiedzi
Twoja historia wyników
Nie rozwiązałeś tego quizu